|
|
|
|
| LEADER |
01058nam a22003017a 4500 |
| 001 |
mzk03001070674 |
| 003 |
CZ BrMZK |
| 005 |
20210217090842.0 |
| 007 |
ta |
| 008 |
061113q15751599xr fa|||||00| ||latod |
| 040 |
|
|
|a BOA001
|b cze
|c BOA001
|
| 072 |
|
7 |
|a 091
|x Rukopisy
|2 Konspekt
|9 12
|
| 080 |
|
|
|a (0.035.2)
|2 MRF
|
| 080 |
|
|
|a 091"15/21"
|2 MRF
|
| 100 |
1 |
|
|a Strada, Ottavio,
|d 1550-1612
|7 ola2010590324
|4 aut
|
| 245 |
1 |
0 |
|a Simbola Romanorum Imperatorum
|h [mikrodokument]
|
| 246 |
3 |
|
|a Rukopis Mk 51
|
| 260 |
|
|
|c mezi 1575 a 1599
|
| 300 |
|
|
|a [1], 44 listů ;
|c 315 x 220 mm
|
| 500 |
|
|
|a Podrobný popis viz Vladislav Dokoupil: Soupis rukopisů mikulovské dietrichsteinské knihovny. Praha 1958, s. 99
|
| 533 |
|
|
|a Mikrofilm.
|e (52 snímků)
|
| 650 |
0 |
7 |
|a novověké rukopisy
|7 ph590386
|2 czenas
|
| 655 |
|
7 |
|a mikrodokumenty
|7 fd132830
|2 czenas
|
| 856 |
4 |
1 |
|u http://www.digitalniknihovna.cz/mzk/uuid/uuid:e2e590ad-fff9-400b-aab6-edea3c0f3c54
|y Digitalizovaný dokument
|
| 910 |
|
|
|a BOA001
|b Skř.17-0931.941
|
| 985 |
|
|
|a 1551-1600
|
| 990 |
|
|
|a MF
|
| 991 |
|
|
|k mzk
|